Most Populous Countries Eliminated From the 2026 World Cup - Statistics

General Stats
  • This quiz has been taken 156 times
    8 since last reset
  • The average score is 8 of 11
Answer Stats
Population Country % Correct
1.4 b China
100%
1.4 b India
100%
255 m Pakistan
86%
286 m Indonesia
71%
239 m Nigeria
71%
71 m Tanzania
71%
72 m Thailand
71%
101 m Vietnam
71%
176 m Bangladesh
57%
136 m Ethiopia
57%
116 m Philippines
43%
No matching quizzes found
Score Distribution
Percent of People with Each Score
Percentile by Number Answered
Your Score History
You have not taken this quiz since the last reset